000 00620nam a2200229Ia 4500
005 20230714093312.0
008 131103s9999 xx 000 0 und d
020 _aSBN 245599525
040 _aLoreto College
041 _aEnglish
082 _a920
_bBAR
100 _aBarnard,Christiaan
245 _aChristiaan Barnard One Life
_cChristann Barnard and Curtis,Bill Pepper
260 _aLondon
_bGeorge G.Harrap
_c1969
300 _a536 p.
_b illus.
504 _aIncludes index
650 _aChristiaan, Bernard
651 _aAutobiography
700 _aPepper,Curtis Bill
850 _aLCLIB
942 _cBK
999 _c12348
_d62827